| 000 | 01238cam a22001934a 4500 | ||
|---|---|---|---|
| 999 |
_c4037 _d4037 |
||
| 020 | _a0415351030 (soft cover) | ||
| 020 | _a9780415351034 (soft cover) | ||
| 050 | 0 | 0 |
_aHF5387 _b.K578 |
| 100 | 1 | _aKline, John M. | |
| 245 | 1 | 0 |
_aEthics for international business : _bdecision making in a global political economy / _cJohn M. Kline. |
| 260 |
_aLondon ; _aNew York : _bRoutledge, _c2005. |
||
| 300 |
_axvi, 269 p. : _bill. ; _c25 cm. |
||
| 500 | _aIncludes index | ||
| 505 | _aChapter 1. The value foundation for a global society -- Chapter 2. Ethics and international business -- Chapter 3. Human rights concepts and principles -- Chapter 4. Political involvements by business -- Chapter 5. The foreign production process -- Chapter 6. Product and export controls -- Chapter 7. Marketing motives and methods -- Chapter 8. Culture and the human environment -- Chapter 9. Nature and the physical environment -- Chapter 10. Business guidance and control mechanisms -- Chapter 11. Deciding ethical dilemmas -- App. Universal Declaration of Human Rights. | ||
| 650 | 0 | _aBusiness ethics. | |
| 650 | 0 |
_aInternational business enterprises _xMoral and ethical aspects. |
|
| 650 | 0 |
_aGlobalization _xMoral and ethical aspects. |
|
| 942 | _cBK | ||